000 00516cam a2200157 4500
040 _cDLC
082 0 0 _a519 AME 1970 A084 Or.
100 1 _aBrandt, Siegmund.
245 1 0 _aStatistical and computational methods in data analysis.
260 _aAmsterdam,
_bNorth-Holland Pub. Co.;
_aNew York,
_bAmerican Elsevier Pub. Co.,
_c1970.
300 _axii, 323 p.
_c23 cm.
500 _aTranslation of Statistische Methoden der Datenanalyse.
650 0 _aProbabilities.
650 0 _aMathematical statistics.
942 _cEK
999 _c16278
_d16278